|
|
|
|
| LEADER |
00000nab a2200000uu 4500 |
| 001 |
vtls012231259 |
| 003 |
SK-MaSNL |
| 005 |
20260303191037.0 |
| 008 |
230605|2013 xo |||||||||||||||||slo| |
| 015 |
|
|
|a SNBRB
|
| 040 |
|
|
|a SNKBUCL
|b slo
|c SNKBUCL
|e AACR2
|
| 041 |
0 |
|
|a slo
|
| 044 |
|
|
|a xo
|c SK
|
| 245 |
0 |
0 |
|a Neničte materinský jazyk!
|b (výzva ministrovi SR)
|
| 500 |
|
|
|a Príspevok je napísaný k 170. Výročiu Vskrjeseňja slovenčini a podpísaný 122 osobami
|
| 648 |
|
7 |
|a 14.február 2013
|2 SNK
|9 1220027
|
| 650 |
0 |
7 |
|a materinský jazyk
|2 SNKPH
|9 1366
|
| 650 |
0 |
7 |
|a slovenčina
|2 SNKPH
|9 1350
|
| 655 |
|
7 |
|a výzvy
|2 SNKPH
|9 572136
|
| 773 |
0 |
|
|t Slovenské pohľady
|g Roč. IV.+129, č. 4 (2013), s. 12-16
|
| 852 |
|
|
|a Slovenská národná knižnica
|
| 954 |
|
|
|a odborná, vedecká literatúra pôvodná (slovenská)
|2 lita
|
| 958 |
|
|
|a LX
|
| 999 |
|
|
|c 2139227
|d 2141157
|